000 02407nam a2200541 c 4500
001 47991
003 ES-MaCES
005 20250526142651.0
007 cr |||||||||||
008 160727s2016 sp 000 ||spa d
017 _aNA 833-2016
_bDL
020 _a9788491350408
040 _aES-MaCES
_bspa
_cES-MaCES
245 0 0 _aComentarios a las Leyes del tercer sector de acción social y del voluntariado
_nV. I
_pComentarios a la Ley del tercer sector de acción social
_cAntonio V. Sempere Navarro, Rafael de Lorenzo García (dirs.) ; Pablo Benlloch Sanz (coord. general) ; [v. I], Luis Cayo Pérez Bueno (coord.) ; [autores], Antonio-Luis Martínez-Pujalte López ... [et al.]
250 _a
260 _aCizur Menor (Navarra)
_bThomson Reuters-Aranzadi
_c2016
300 _a286 p.
_c25 cm
490 1 _aMonografías Aranzadi
_v826. Colección Grandes tratados Aranzadi
500 _aDisponible en formato electrónico mediante la aplicación PROVIEW
504 _aBibliografía
541 _cCompra
610 1 4 _937159
_aEspaña
_tLey del tercer sector de acción social
_d2015
650 4 _aeconomía social
_930379
650 4 _aorganización sin fines de lucro
_927312
650 4 _ainstitución social
_929461
650 4 _aexclusión social
_930629
650 4 _aintegración social
_927283
650 4 _aEuropa
_926940
650 4 _acomparación
_928892
650 4 _aEspaña
_926964
650 4 _alegislación
_927153
650 4 _a2015
_931152
650 4 _acomentario
_928971
650 4 _arégimen jurídico
_929894
653 1 0 _aAsuntos Sociales
700 1 _aSempere Navarro, Antonio Vicente
_923834
_edir.
700 1 _aLorenzo García, Rafael de
_917042
_edir.
700 1 _aBenlloch Sanz, Pablo
_936773
_ecoord. general
700 1 _aPérez Bueno, Luis Cayo
_920724
_ecoord.
700 1 _aMartínez-Pujalte López, Antonio Luis
_937157
710 1 _937159
_aEspaña
_tLey del tercer sector de acción social
_d2015
787 0 _tComentarios a las Leyes del tercer sector de acción social y del voluntariado . V. II, Comentarios a la Ley 45/2015, de 14 de octubre de voluntariado
_w(ES-MaCES)47992
830 0 _aMonografías Aranzadi
_v826
_932673
830 0 _aColección Grandes tratados Aranzadi
_934490
856 4 _uhttps://legalteca.aranzadilaley.es/my-library?sponsor=82111144-IP
_yLegalteca
902 _aLIB Libro
942 _2CES
_cBK
_h3.3.
999 _c47991
_d47991